Enviromentálna stopa

Požiadavky na preukazovanie vplyvu výrobkov, procesov a podnikov na životné prostredie sa stále stupňujú. Rozobratie menej známeho prístupu, a tým je enviromentálna stopa.

Na minha lista:
Detalhes bibliográficos
Autor principal: Šimurka, Peter
Formato: Capítulo de Livro
Idioma:eslovaco
Assuntos:
Tags: Adicionar Tag
Sem tags, seja o primeiro a adicionar uma tag!

MARC

LEADER 00000naa a2200000 4500
001 0297264
005 20240417075255.1
041 0 |a slo 
044 |a SK 
245 1 0 |a Enviromentálna stopa  |c Peter Šimurka 
520 |a Požiadavky na preukazovanie vplyvu výrobkov, procesov a podnikov na životné prostredie sa stále stupňujú. Rozobratie menej známeho prístupu, a tým je enviromentálna stopa. 
610 2 0 |a stopa uhlíková 
610 2 0 |a prostredie životné 
610 2 0 |a podnik 
610 2 0 |a výrobky 
610 2 0 |a procesy podnikové 
610 2 0 |a metódy 
100 1 |a Šimurka, Peter